| 000 | 00572nam a2200169 4500 | ||
|---|---|---|---|
| 001 | 118802 | ||
| 003 | ES-MaACL | ||
| 005 | 20230906191200.0 | ||
| 007 | t| | ||
| 008 | 070214s1956 cu r ||||1| spa d | ||
| 100 | 1 |
_aPérez Cabrera, José Manuel. _990691 |
|
| 245 | 1 | 3 |
_aUn libelo anticespedista _b: discurso leído / _cpor el Dr. José Manuel Pérez Cabrera el 9 de octubre de 1956. |
| 260 |
_aLa Habana : _bEl Siglo XX, _c1956. |
||
| 300 |
_a30 p. ; _c24 cm. |
||
| 500 | _aPrecede al tit. : Academia de la Historia de Cuba. | ||
| 852 |
_aES-MaACL _j1976-F-6 _bR.40235 |
||
| 999 |
_c118802 _d118802 |
||